| 000 | 01173cam a22002894a 4500 | ||
|---|---|---|---|
| 999 |
_c7648 _d7648 |
||
| 001 | 13323272 | ||
| 003 | OSt | ||
| 005 | 20210714112818.0 | ||
| 008 | 030825s2004 gw a 000 0 eng | ||
| 020 | _a8181280253 | ||
| 040 |
_aDLC _cDLC _dDLC |
||
| 042 | _apcc | ||
| 050 | 0 | 0 |
_aHD38.5 _b.D537 2004 |
| 082 | 0 | 0 |
_a658.402855376 _bDIC/S |
| 100 |
_aDickersbach, Jorg Thomas _d1968- _91315 |
||
| 245 | 1 | 0 |
_aSupply chain management with APO : _bstructures, modelling approaches, and implementation pecularities / _cJörg Thomas Dickersbach. |
| 260 |
_aBerlin ; _aNew York : _bSpringer, _cc2004. |
||
| 300 |
_axi, 337 p. : _bill. ; _c24 cm. |
||
| 630 | 0 | 0 | _aSAP R/3. |
| 630 | 0 | 0 | _aAPO. |
| 650 | 0 |
_aBusiness logistics _xMathematical models. |
|
| 650 | 0 |
_aBusiness _xComputer programs. |
|
| 650 | 0 | _aClient/server computing. | |
| 906 |
_a7 _bcbc _corignew _d1 _eocip _f20 _gy-gencatlg |
||
| 942 |
_2ddc _cBK _h658.402855376 _iDIC/S _k658.402855376 _mDIC/S |
||